Novelas escogidas

Spremljeno u:
Bibliografski detalji
Glavni autor: Lewis, Sinclair (Autor)
Format: Knjiga
Jezik:španjolski
Izdano: Madrid Aguilar Ediciones 1959
Izdanje:2a. ed
Serija:Biblioteca Premios Nobel
Teme:
Oznake: Dodaj oznaku
Bez oznaka, Budi prvi tko označuje ovaj zapis!

MARC

LEADER 00000cam a2200000 a 4500
001 UCE3129
003 CL-VaPUC
008 140814e19590000sp |||||||||||||||||spa|d
082 0 4 |a 813  |b LEW  |2 21 
100 |a Lewis, Sinclair  |e author  |9 413554 
245 1 0 |a Novelas escogidas 
250 |a 2a. ed 
300 |a 1280 p 
942 |c BK 
945 |d 20140814 14:58:00  |a arojas 
260 |a Madrid  |b Aguilar Ediciones  |c 1959 
650 0 |a Novelas estadounidenses  |9 265217 
650 0 |a Literatura estadounidense  |9 317168 
650 0 |a Formas y géneros literarios  |9 324031 
583 |a last modification  |c 20140814 14:58:00  |k Rodrigo Vera 
490 0 |a Biblioteca Premios Nobel 
999 |c 356578  |d 356576 
952 |0 0  |1 0  |3 erd  |4 0  |6 813_000000000000000_LEW_1959  |7 0  |8 A  |9 464025  |a BIBEDU  |b BIBEDU  |i 5007127  |o 813 LEW 1959  |p 5007127  |r 2019-11-23  |w 2019-11-23  |y BK  |z Catalogado en:20140814  |k LIT